000 00847nam a2200289Ia 4500
001 18258
003 GE_BSU
008 181216s||||||||xx |||||||||||||| ||und||
020 _a9781285061962
040 _cGE_BSU
080 _a323.28
100 _aWhite, Jonathan Randall.
245 _aTerrorism and homeland security
245 _cEditor in chief: Linda Ganster
250 _aEighth edition.
260 _aBelmont
260 _bWadsworth Cengage Learning
260 _c2014
300 _a501p. 27cm.
300 _eBibl.:p.452-488, Index.: p.489-501
541 _h157 Gel.45 T.
653 _aTerrorism and homeland security
653 _aნაციონალური უშიშროება
653 _aსამოქალაქო თავდაცვა
653 _aტერორიზმი
942 _cBK
999 _c51289
_d51289